| 000 | 00000nam 2200000zi 4500 |
| 001 | 9.940189 |
| 003 | CaOODSP |
| 005 | 20250801104815 |
| 006 | m o d f |
| 007 | cr mn||||||||| |
| 008 | 240705t20252025onca ob f000 0 fre d |
| 020 | |a9780660726717 |
| 040 | |aCaOODSP|bfre|erda|cCaOODSP |
| 043 | |an-cn---|an------ |
| 086 | 1 |aFD4-39/2024F-PDF |
| 245 | 00|aAlerte opérationnelle : |brecyclage des produits liés aux opioïdes synthétiques illicites. |
| 264 | 1|aOttawa (Ontario) : |bCentre d'analyse des opérations et déclarations financières du Canada = Financial Transactions and Reports Analysis Centre of Canada, |c[2025] |
| 264 | 4|c©2025 |
| 300 | |a1 ressource en ligne (20 pages) : |billustrations en couleur |
| 336 | |atexte|btxt|2rdacontent/fre |
| 337 | |ainformatique|bc|2rdamedia/fre |
| 338 | |aressource en ligne|bcr|2rdacarrier/fre |
| 500 | |aPublié aussi en anglais sous le titre : Operational alert: laundering the proceeds of illicit synthetic opioids; et en espagnol sous le titre : Alerta operacional: blanqueo de capitales provenientes de opioides sintéticos ilícitos. |
| 504 | |aComprend des références bibliographiques. |
| 520 | |a« La présente alerte opérationnelle vise à aider les entités déclarantes à reconnaître les opérations financières soupçonnées d'être liées au trafic d'opioïdes synthétiques incluant le fentanyl. Grâce aux déclarations d'opérations financières, CANAFE est en mesure de faciliter la détection, la prévention et la dissuasion de toutes les étapes de blanchiment d'argent (le placement, la dispersion et l'intégration), du financement des activités terroristes et du contournement de sanctions en communiquant des renseignements financiers exploitables aux organismes d'application de la loi et de sécurité nationale. Cette publication remplace l'alerte opérationnelle de 2018 : Blanchiment des produits du trafic du fentanyl, et présente de nouveaux facteurs de risque pour les clients et indicateurs de trafic et de production d'opioïdes synthétiques. Ces nouveaux renseignements sont tirés de l'analyse de communications de renseignements financiers, d'opérations financières, de publications et de rapports d'organismes d'application de la loi. … » -- Objectif, page 3. |
| 650 | 6|aBlanchiment de l'argent|zCanada. |
| 650 | 6|aBlanchiment de l'argent|zAmérique du Nord. |
| 650 | 6|aDrogues|xTrafic|zCanada. |
| 650 | 6|aDrogues|xTrafic|zAmérique du Nord. |
| 650 | 6|aOpioïdes. |
| 650 | 6|aFentanyl. |
| 710 | 2 |aCentre d'analyse des opérations et déclarations financières du Canada, |eorganisme de publication. |
| 775 | 08|tOperational alert : |w(CaOODSP)9.940190 |
| 775 | 08|tAlerta operacional : |w(CaOODSP)9.953775 |
| 856 | 40|qPDF|s1.04 Mo|uhttps://publications.gc.ca/collections/collection_2025/canafe-fintrac/FD4-39-2024-fra.pdf |
| 856 | 4 |qHTML|sS.O.|uhttps://fintrac-canafe.canada.ca/intel/operation/iso-osi-fra |